Netter's Concise Radiologic Anatomy (Record no. 1459)

MARC details
000 -LEADER
fixed length control field 01039cam a22003254a 4500
001 - CONTROL NUMBER
control field 15233263
003 - CONTROL NUMBER IDENTIFIER
control field OSt
005 - DATE AND TIME OF LATEST TRANSACTION
control field 20190918131816.0
008 - FIXED-LENGTH DATA ELEMENTS--GENERAL INFORMATION
fixed length control field 080321s2009 paua 000 0 eng
010 ## - LIBRARY OF CONGRESS CONTROL NUMBER
LC control number 2008013394
020 ## - INTERNATIONAL STANDARD BOOK NUMBER
International Standard Book Number 9781416056195
035 ## - SYSTEM CONTROL NUMBER
System control number (DNLM)101469454
040 ## - CATALOGING SOURCE
Original cataloging agency DNLM/DLC
Transcribing agency DLC
Modifying agency DLC
042 ## - AUTHENTICATION CODE
Authentication code pcc
050 00 - LIBRARY OF CONGRESS CALL NUMBER
Classification number RC78.2
Item number .W43 2009
060 10 - NATIONAL LIBRARY OF MEDICINE CALL NUMBER
Classification number WN 17
Item number W364n 2009
082 00 - DEWEY DECIMAL CLASSIFICATION NUMBER
Classification number WN 17 W391n 2009
Edition number 22
100 1# - MAIN ENTRY--PERSONAL NAME
Personal name Weber, Edward [et..al]
Titles and words associated with a name D.O.
9 (RLIN) 3848
245 10 - TITLE STATEMENT
Title Netter's Concise Radiologic Anatomy
250 ## - EDITION STATEMENT
Edition statement 1st ed.
260 ## - PUBLICATION, DISTRIBUTION, ETC. (IMPRINT)
Place of publication, distribution, etc. Philadelphia :
Name of publisher, distributor, etc. Saunders/Elsevier,
Date of publication, distribution, etc. c2009.
300 ## - PHYSICAL DESCRIPTION
Extent xxi, 479 p. :
Other physical details ill. (chiefly col.) ;
Dimensions 24 cm.
650 #0 - SUBJECT ADDED ENTRY--TOPICAL TERM
Topical term or geographic name as entry element Diagnosis, Radioscopic
Form subdivision Atlases.
9 (RLIN) 3849
650 #0 - SUBJECT ADDED ENTRY--TOPICAL TERM
Topical term or geographic name as entry element Human anatomy
Form subdivision Atlases.
9 (RLIN) 151
650 12 - SUBJECT ADDED ENTRY--TOPICAL TERM
Topical term or geographic name as entry element Diagnostic Imaging
Form subdivision Atlases.
9 (RLIN) 3850
650 22 - SUBJECT ADDED ENTRY--TOPICAL TERM
Topical term or geographic name as entry element Anatomy
Form subdivision Atlases.
9 (RLIN) 152
856 41 - ELECTRONIC LOCATION AND ACCESS
Materials specified Table of contents only
Uniform Resource Identifier http://www.loc.gov/catdir/toc/ecip0814/2008013394.html
906 ## - LOCAL DATA ELEMENT F, LDF (RLIN)
a 7
b cbc
c orignew
d 1
e ecip
f 20
g y-gencatlg
942 ## - ADDED ENTRY ELEMENTS (KOHA)
Source of classification or shelving scheme Other/Generic Classification Scheme
Koha item type Short Loan
Holdings
Withdrawn status Lost status Source of classification or shelving scheme Damaged status Not for loan Home library Current library Date acquired Source of acquisition Inventory number Total Checkouts Full call number Barcode Date last seen Price effective from Koha item type
    Other/Generic Classification Scheme     MUST Main Library MUST Main Library 15/04/2015   2010/32552   WN 17 W391n 2009 2015-0976 15/04/2015 15/04/2015 Short Loan